CARLTON 2021 LIST - Statistics

General Stats
  • This quiz has been taken 8 times
  • The average score is 36 of 44
Answer Stats
NO. NAME % Correct
42 Adam Saad
100%
17 Brodie Kemp
100%
30 Charlie Curnow
100%
29 Corey Durdin
100%
28 David Cunningham
100%
35 Ed Curnow
100%
19 Eddie Betts
100%
10 Harry Mckay
100%
1 Jack Silvagni
100%
23 Jacob Weitering
100%
37 Jordan Boyd
100%
8 Lachlan Fogarty
100%
4 Lochie O'Brien
100%
3 Marc Murphy
100%
27 Marc Pittonet
100%
7 Matthew Kennedy
100%
44 Matt Owies
100%
11 Mitch Mcgovern
100%
24 Nic Newman
100%
2 Paddy Dow
100%
9 Patrick Cripps
100%
15 Sam Docherty
100%
5 Sam Petrevski-Seton
100%
34 Sam Philp
100%
18 Sam Walsh
100%
12 Tom Dekoning
100%
31 Tom Williamson
100%
43 Will Setterfield
100%
25 Zac Fisher
100%
6 Zac Williams
100%
22 Caleb Marchbank
50%
16 Jack Carroll
50%
21 Jack Martin
50%
20 Lachie Plowman
50%
41 Levi Casboult
50%
14 Liam Jones
50%
13 Liam Stocker
50%
26 Luke Parks
50%
45 Matt Cottrell
50%
40 Michael Gibbons
50%
39 Oscar Mcdonald
50%
32 Jack Newnes
0%
36 Josh Honey
0%
33 Sam Ramsay
0%
No matching quizzes found
Score Distribution
Percent of People with Each Score
Percentile by Number Answered
Your Score History
You have not taken this quiz